Usually Non-Toxic Ingestions Quiz Stats

 Plays Quiz not verified by Sporcle

Also try: 50 Riddles
Challenge
Share
Tweet
Embed
Score 0/75 Timer 20:00
0 Plays Today
Non-Toxic Ingestions % Correct
Bubble Bath
70%
Liquid Dish Soap (Not dish washer soap)
68.3%
Shampoo
61.7%
Crayons
53.3%
Ballpoint Pens
51.7%
Felt Tip Pens
51.7%
Pencil Lead
51.7%
Crazy Glue
50%
Bleach (Less than 5%)
45%
Body Conditioners
45%
Bath Oil
43.3%
Latex Paint
43.3%
Laxatives
43.3%
Air Freshener
41.7%
Paints
41.7%
Crayola Markers
38.3%
Makeup
38.3%
Magic Marker
38.3%
Plastic
38.3%
Rubber Cement
38.3%
Calamine Lotion
36.7%
Nail Polish
36.7%
Lotion
36.7%
Ink
36.7%
Newspaper
35%
Clay
33.3%
Adhesives
31.7%
Cat Food
31.7%
Lipstick
31.7%
Perfume (small doses)
30%
Play-doh
30%
Chalk
26.7%
Erasers
25%
Lube
25%
Ajax Cleaner
23.3%
Antiperspirant
23.3%
Battery (Unbitten)
23.3%
Shaving Cream
23.3%
Non-Toxic Ingestions % Correct
Antibiotic Ointment
21.7%
Bathtub Floating Toys
21.7%
Miracle Gro
21.7%
Shoe Polish
21.7%
A&D Ointment
20%
Caulk
20%
Silica Packet
20%
Kitty Litter
20%
Aluminum Foil
18.3%
Ashes
18.3%
Glitter
18.3%
Candles
16.7%
Cigarettes
16.7%
Corticosteroids
16.7%
Golf Ball Core
16.7%
Grease
16.7%
Lysol Disinfectant Spray (small doses)
16.7%
Vaseline
16.7%
Antacids
15%
Charcoal
15%
Contraceptives (no iron)
15%
Fabric Softener
15%
Glowstick
15%
Putty
15%
Rust
15%
Fertilizer (some kinds)
13.3%
Matches
13.3%
Easter Egg Dye
13.3%
Baby Wipes
11.7%
Etch-a-Sketch
11.7%
Fish Bowl Additives
11.7%
Plaster (no lead)
11.7%
Caps
10%
Cold Packs (a swallow)
10%
Saccharin
10%
Photographs
10%
Disposable Diapers
8.3%

You're not logged in!

Compare scores with friends on all Sporcle quizzes.
Join for Free
OR
Log In

You Might Also Like...

Show Comments

Extras

Top Quizzes Today


Score Distribution

Your Account Isn't Verified!

In order to create a playlist on Sporcle, you need to verify the email address you used during registration. Go to your Sporcle Settings to finish the process.

Report this User

Report this user for behavior that violates our Community Guidelines.

Details: